2010 Top Movies as of Nov. 3. 2010 Quiz Stats

 Plays Quiz not verified by Sporcle

Score 0/50 Timer 15:00
0 Plays Today
Movie % Correct
Toy Story 3
73.4%
Inception
67.2%
Iron Man 2
57.8%
Alice in Wonderland
53.1%
Shrek Forever After
46.9%
The Social Network
45.3%
The Twilight Saga: Eclipse
42.2%
Paranormal Activity 2
42.2%
How to Train Your Dragon
40.6%
Jackass 3-D
40.6%
The Other Guys
39.1%
Despicable Me
37.5%
Shutter Island
35.9%
Salt
34.4%
The Town
34.4%
The Expendables
32.8%
A Nightmare on Elm Street
32.8%
Grown Ups
31.3%
Red
31.3%
Clash of the Titans
29.7%
Valentine's Day
29.7%
Sex and the City 2
29.7%
Robin Hood
26.6%
The Last Airbender
25%
The A-Team
25%
Movie % Correct
Dinner for Schmucks
25%
Date Night
23.4%
Eat Pray Love
23.4%
Predators
23.4%
Prince of Persia: The Sands of Time
21.9%
Get Him to the Greek
21.9%
Legends of the Guardians: The Owls of Ga'Hoole
21.9%
Wall Street: Money Never Sleeps
21.9%
Hot Tub Time Machine
21.9%
The Karate Kid
20.3%
Dear John
20.3%
Knight and Day
20.3%
The Sorcerer's Apprentice
20.3%
The Book of Eli
18.8%
The Bounty Hunter
18.8%
Resident Evil: Afterlife
18.8%
Easy A
18.8%
Percy Jackson
17.2%
The Last Song
17.2%
Tooth Fairy
15.6%
Takers
15.6%
Diary of a Wimpy Kid
14.1%
Letters to Juliet
12.5%
The Wolfman
9.4%
Tyler Perry's Why Did I Get Married Too?
9.4%

You're not logged in!

Compare scores with friends on all Sporcle quizzes.
OR
Log In

Show Comments

Extras

Top Quizzes Today


Score Distribution

Your Account Isn't Verified!

In order to create a playlist on Sporcle, you need to verify the email address you used during registration. Go to your Sporcle Settings to finish the process.

Report this User

Report this user for behavior that violates our Community Guidelines.

Details: